| 000 | 00748nam a2200289 a 4500 | ||
|---|---|---|---|
| 003 | AR-BaBNM | ||
| 005 | 20251128204807.0 | ||
| 008 | 082120s2002 ||||||||||||||000 | spa|| | ||
| 040 | _cAR-BaBNM | ||
| 100 | 1 | _aGuiraud, Pierre | |
| 245 | 0 | 0 | _aLa gramática |
| 250 | _a4ª ed. | ||
| 260 |
_aBuenos Aires _bEudeba _c1979 |
||
| 300 |
_a119 p. _bcuadros |
||
| 490 | 0 |
_aCuadernos _vv. 13 |
|
| 504 | _aBibliografía: p.117-119 | ||
| 650 | 4 | _aGRAMATICA | |
| 650 | 4 | _aLOGICA | |
| 650 | 4 | _aTIPOLOGIA DEL LENGUAJE | |
| 650 | 4 | _aGRAMATICA ESTRUCTURAL | |
| 650 | 4 | _aINVESTIGACION LINGÜISTICA | |
| 650 | 4 | _aLINGÜISTICA COMPARADA | |
| 653 | _aHISTORIA DE LA LENGUA | ||
| 700 | 1 |
_aMaljuri, Abelardo _etraductor |
|
| 942 | _cBK | ||
| 998 | _cisola | ||
| 999 |
_c8856 _d8856 |
||